000 01390nam a22002777a 4500
001 7262
003 FISKH
005 20250704144238.0
008 250704b cb ||||| |||| 00| 0 eng d
020 _a9781592495528
040 _aFISKH
_beng
_cFISKH
_dFISKH
050 _aPZ7
082 _a152.3
100 _aGalvin, Laura Gates
245 _aA very good smell :
_bEmmyAward-winner for outstanding children's animated program!
260 _aNorwalk :
_bWGBH,
_c2006
300 _a26 unnumbered pages :
_bcolor illustrations ;
_c21 cm
490 _aPeep and the big wide world
505 _aG
520 _aThe two-hundred-year-long relationship between the Arab world and United States has been fraught with tension and resentment. What began in the nineteenth century as a favorable exchange of cultural understanding and economic opportunity deteriorated with America's increasing interest in oil, and finally collapsed when America's pushed for the legitimization of the State of Israel. In this provocative new book, Lebanese-American historian Ussama Makdisi explores America's fractured relationship with the Arab world, and offers policy recommendations that can lead to its repair.
521 8 _a300
_bLexile estimate
521 8 _aG
_bRaz-Plus
650 _aChildren's
_vFive senses
_xJenna's Room
_ySoftcover
942 _2ddc
_cBK
_n0
999 _c7262
_d7262